Trivia: English-Spanish Tricky Translations II Quiz Stats

 Plays Quiz not verified by Sporcle

Score 0/30 Timer 10:00
0 Plays Today
Question Answer Wrong Answers
Guitar = Guitarra Translation
95.7%
False friends
0%
Paper = Papel Translation
91.3%
False friends
4.3%
Model = Modelo Translation
91.3%
False friends
4.3%
Palace = Palacio Translation
91.3%
False friends
2.2%
Irony = Ironía Translation
89.1%
False friends
6.5%
Game = Gamo False friends
89.1%
Translation
4.3%
Salt = Sal Translation
89.1%
False friends
4.3%
Goat = Gota False friends
87%
Translation
10.9%
Bat = Bata False friends
84.8%
Translation
8.7%
Fall = Fallo False friends
84.8%
Translation
8.7%
Therapy = Terapia Translation
84.8%
False friends
8.7%
Verdict = Veredicto Translation
82.6%
False friends
10.9%
Mount = Monte Translation
80.4%
False friends
15.2%
Page = Pago False friends
80.4%
Translation
13%
Pulled = Pulido False friends
73.9%
Translation
19.6%
Pulse = Pulso Translation
73.9%
False friends
21.7%
Route = Ruta Translation
73.9%
False friends
21.7%
Priestess = Presteza False friends
71.7%
Translation
21.7%
Rat = Rata Translation
71.7%
False friends
21.7%
Funding = Fundido False friends
69.6%
Translation
23.9%
Ternary = Ternera False friends
65.2%
Translation
28.3%
Chore = Coro False friends
65.2%
Translation
28.3%
Ruse = Rusa False friends
63%
Translation
30.4%
Gem = Gema Translation
60.9%
False friends
34.8%
Curse = Curso False friends
60.9%
Translation
30.4%
Armory = Armería Translation
58.7%
False friends
32.6%
Jubilee = Jubilado False friends
54.3%
Translation
37%
Columbian = Colombiano False friends
47.8%
Translation
45.7%
Pint = Pinta Translation
45.7%
False friends
47.8%
Vase = Vaso False friends
43.5%
Translation
50%

You're not logged in!

Compare scores with friends on all Sporcle quizzes.
OR
Log In

You Might Also Like...

Show Comments

Extras

Top Quizzes Today


Score Distribution

Your Account Isn't Verified!

In order to create a playlist on Sporcle, you need to verify the email address you used during registration. Go to your Sporcle Settings to finish the process.

Report this User

Report this user for behavior that violates our Community Guidelines.

Details: